Bibliografický soupis knih vydaných v roce 1967. Československý spisovatel

Bibliographic Details
Format: Book
Language:Czech
Published: Praha Čs. spis. 1967

MARC

LEADER 00000nam a2200000 a 4500
001 vtls001294994
003 SK-MaSNL
005 20260224120137.0
008 210928s1967 xr 0 cze
035 |a SNK000246799 
040 |a SNK  |b slo  |c SNK  |e AACR2 
044 |a xr  |c CZ 
245 1 |a Bibliografický soupis knih vydaných v roce 1967. Československý spisovatel 
260 |a Praha  |b Čs. spis.  |c 1967 
300 |a 39 s.  |c 8° 
958 |a OND 
999 |c 995148  |d 997078 
952 |t P60, <04>, [BOOK], {604}  |a SNK  |b SNK  |y VYP  |7 0  |o snkID 46019  |i snkKIP 3521/68  |0 0  |1 0  |4 0  |d 1997-07-17  |l 0  |r 2005-01-02 00:00:00  |w 2026-02-24 
952 |t P60, <04>, [BOOK], {604}  |a SNK  |b SNK  |y VYP  |7 0  |o snkID 46019 D1  |i snkKIP 3522/68  |0 0  |1 0  |4 0  |d 1997-07-17  |l 0  |r 2005-01-02 00:00:00  |w 2026-02-24